Shanghai - Choix multiples - Statistiques

Statistiques générales
  • Ce quiz a été pris 1 387 fois
    1 318 depuis la dernière actualisation
  • Le résultat moyen est 6 sur 10
Statistiques - réponses
Question Réponse % Correct
Dans quel album Tintin cherche à démanteler un réseau de trafiquants d'opium à Shanghaï ? Le Lotus bleu
86%
Dans le delta de quel fleuve Shanghai se situe-t-elle ? Yangtze
86%
Où en Chine Shanghai se trouve-t-elle ?
74%
Quel est la particularité du port de Shanghai ? Plus grand port à conteneurs au monde
73%
Quel pays occupa Shanghai pendant la première guerre de l'opium ? Royaume-Uni
64%
Laquelle de ces images représente Pudong, le quartier d'affaires de Shanghai ?
62%
Quel dirigeant chinois permit la prospérité de Shanghai en initiant sa réouverture au monde ? Deng Xiaoping
54%
En développant quel jeu vidéo le studio miHoYo, fondé à Shanghai, s'est-il rendu célèbre ? Genshin Impact
51%
Quel est le nom de l'ancien quartier colonial de Shanghai qui compte de nombreux bâtiments européens ? Le Bund
32%
Quel dynastie ayant régné sur la Chine entre 960 et 1279 a donné son nom actuel à la ville de Shanghai ? Les Song
25%
Aucun quiz correspondant
Distribution des résultats
% des personnes avec chaque résultat
Percentile par nombre de réponses
Votre historique - résultats
Vous n’avez pas pris ce quiz depuis la dernière actualisation